| 000 | 01009nam a2200277 i 4500 | ||
|---|---|---|---|
| 001 | 000045605 | ||
| 003 | DO-SdBNP | ||
| 005 | 20240510085720.0 | ||
| 007 | ta | ||
| 008 | 150416s198- dr a 000 0 spa d | ||
| 040 |
_aDO-SdBNP _bspa _cBNPHU _erda |
||
| 082 | 4 | _222 | |
| 100 | 1 |
_aGómez, Luis, _99238 _eautor |
|
| 245 | 1 | 4 |
_aLos derechos humanos en República Dominicana 1492-1984 : _b(recopilación temáticas para un curso-taller) / _cLuis Gómez. |
| 264 |
_aSanto Domingo : _bUniversitaria-UASD, _c198?. |
||
| 300 |
_a502 páginas : _bilustraciones ; _c20 cm. |
||
| 336 |
_2rdacontent _atexto _btxt |
||
| 337 |
_2rdamedia _asin mediación _bn |
||
| 338 |
_2rdacarrier _avolumen _bnc |
||
| 490 |
_aPublicaciones de la Universidad Autónoma de Santo Domingo _v356 |
||
| 500 | _aIncluye referencias bibliográficas y notas al pie de las páginas | ||
| 504 | _aBibliografía : p. 499-502 | ||
| 590 | _aInventariado, 2024/BT | ||
| 710 | 2 |
_aUniversidad Autónoma de Santo Domingo _972951 |
|
| 942 |
_2ddc _cLBS1 |
||
| 999 |
_c45094 _d45094 |
||